000
00253nam a2200097Ia 4500
001
962215
005
20250826220144.0
008
250824s9999 xx 000 0 und d
245
0
_a
DOMBİLİ VE TİLKİ GECESİ
_c
JUDITH KERR
260
_b
HEP KİTAP YAYINLARI
999
_c
962215
_d
962215